| 000 | 00739nam a2200253Ia 4500 | ||
|---|---|---|---|
| 003 | OSt | ||
| 005 | 20220918214639.0 | ||
| 006 | a|||||r|||| 00| 0 | ||
| 007 | ta | ||
| 008 | 220917b |||||||| |||| 00| 0 eng d | ||
| 024 | _a138,503 | ||
| 037 | _cTextual | ||
| 040 |
_aARTS _cARTS _beng |
||
| 041 |
_2eng _aeng |
||
| 082 | _aZa12-328, N3 | ||
| 100 |
_aKhan Geoffrey _9132136 |
||
| 245 | 0 | _aArabic legal and administrative documents in the Cambridge Genizah collections | |
| 260 |
_aCambridge _bCUP _c1993 |
||
| 300 |
_axviii,567p. _ccm. |
||
| 490 | _aCambridge University library Genizah series; 10 | ||
| 650 |
_aLAW _97240 |
||
| 942 |
_hZa12-328, N3 _cTEXL _2CC |
||
| 999 |
_c261554 _d261554 |
||